000 01639nam0a2200373 4500
001 RU\NLR\bibl\851415
005 20250614152102.0
010 _a5-7610-0407-0
_bв обл.
_9500
021 _aRU
_b2005-23663
_91201
035 _a(nilc)RSL-KNO-002598112
035 _a(NLR Aleph) 000840165
090 _a1415401
_c1415401
100 _a20050504d2001 |||y0rusy50 ca
101 0 _arus
102 _aRU
105 _aa |||||||||
106 _ar
200 1 _aРыболовные были и байки
_fВ. И. Гомулов
210 _aВолгоград
_cНиж.-Волж. кн. изд-во
_d2001
_gГУВПП Офсет
215 _a141, [2] с.
_cил., портр.
_d20
606 1 _aРыболовство
_xв художественной литературе
_91565551
_3RU\NLR\auth\66985322
610 0 _aФилологические науки. Художественная литература -- Российская Федерация -- Русская литература -- с сер. 50-х гг. 20 в. -- Произведения художественной литературы -- Художественная проза -- Сборники одного автора
610 0 _aрыболовство любительское
686 _aШ5(2=Р)75-64я44
_2rubbk
686 _aШ6(2=Р)75-94
700 1 _aГомулов
_bВ. И.
_gВиктор Иванович
_4070
801 0 _aRU
_bRuMoRKP
_c20050504
_grcr
801 1 _aRU
_bRuMoRGB
_c20050504
801 2 _aRU
_bNLR
_c20051011
_grcr
830 _aавт. по кн.
942 _cBOOK
980 _aNB